Statistics for Things Named For People #1

Click here to take the quiz!

General Stats

  • This quiz has been taken 124,633 times
    (56,051 since last reset)
  • The average score is 14 of 24

Answer Stats

Eponym% Correct
Eiffel {Tower}
100%
Rubik's {Cube}
100%
Morse {Code}
95%
Ferris {Wheel}
92%
Nobel {Prize}
90%
Adam's {Apple}
89%
Achilles' {Heel}
87%
Pandora's {Box}
87%
Earl Grey {Tea}
82%
Molotov {Cocktail}
77%
Fabergé {Egg}
58%
Hadrian's {Wall}
57%
Oedipus {Complex}
54%
Achilles' {Tendon}
45%
Maginot {Line}
44%
Occam's {Razor}
40%
Rhodes {Scholar}
35%
Mercator {Projection}
29%
Socratic {Method}
28%
Pyrrhic {Victory}
27%
Bikram {Yoga}
21%
Nehru {Jacket}
16%
Zeno's {Paradox}
16%
Potemkin {Village}
10%

Score Distribution

Percentile by Number Answered

Percent of People with Each Score

Your Score History

You have not taken this quiz since the last reset